DI SEBALIK KALIMAH : (Record no. 203543)

MARC details
000 -LEADER
fixed length control field 01200nam a2200301 i 4500
005 - DATE AND TIME OF LATEST TRANSACTION
control field 20260406120433.0
008 - FIXED-LENGTH DATA ELEMENTS--GENERAL INFORMATION
fixed length control field 260329s2025 my a gr 000 0bmay d
020 ## - INTERNATIONAL STANDARD BOOK NUMBER
International Standard Book Number 9786299948452
Terms of availability RM21.00
Qualifying information paperback
040 ## - CATALOGING SOURCE
Original cataloging agency PPAK
Language of cataloging eng
Transcribing agency PPAK
Description conventions rda
082 04 - DEWEY DECIMAL CLASSIFICATION NUMBER
Edition number 23
Classification number 297.122427
090 00 - LOCALLY ASSIGNED LC-TYPE CALL NUMBER (OCLC); LOCAL CALL NUMBER (RLIN)
Classification number (OCLC) (R) ; Classification number, CALL (RLIN) (NR) 297.122427
Feature heading FAT
Feature heading G
100 0# - MAIN ENTRY--PERSONAL NAME
Personal name Fathyakan,
Relator term author.
245 10 - TITLE STATEMENT
Linkage 880-01
Title DI SEBALIK KALIMAH :
Remainder of title Menyelami Rahsia Tadabbur Juz 'Amma.
Number of part/section of a work SIRI 1,
Name of part/section of a work Surah An-Nas hingga Surah Al-Zalzalah /
Statement of responsibility, etc. Penulis: Fathyakan ; Editor: Mawaddah
246 31 - VARYING FORM OF TITLE
Title proper/short title Bayna kalimat =
Remainder of title Di sebalik kalimah
264 #1 - PRODUCTION, PUBLICATION, DISTRIBUTION, MANUFACTURE, AND COPYRIGHT NOTICE
Place of production, publication, distribution, manufacture Seremban, Negeri Sembilan :
Name of producer, publisher, distributor, manufacturer Thyora International Sdn. Bhd.,
Date of production, publication, distribution, manufacture, or copyright notice 2025
300 ## - PHYSICAL DESCRIPTION
Extent iii, 166 pages ;
Dimensions 21 cm
336 ## - CONTENT TYPE
Content type term text
Source rdacontent
337 ## - MEDIA TYPE
Media type term unmediated
Source rdamedia
338 ## - CARRIER TYPE
Carrier type term volume
Source rdacarrier
500 ## - GENERAL NOTE
General note Contains verses from the Qur'an and quotes from the Hadith.
504 ## - BIBLIOGRAPHY, ETC. NOTE
Bibliography, etc. note Bibliography: page 165.
630 04 - SUBJECT ADDED ENTRY--UNIFORM TITLE
Uniform title Qur'an.
Name of part/section of a work Surat An-Nas - Al-Zalzalah
General subdivision Criticism, interpretation, etc.
650 10 - SUBJECT ADDED ENTRY--TOPICAL TERM
Topical term or geographic name entry element Qur'an
General subdivision Reading
Topical term or geographic name entry element Qur'an
General subdivision Recitation
700 0# - ADDED ENTRY--PERSONAL NAME
Personal name Mawaddah,
Relator term editor.
880 10 - ALTERNATE GRAPHIC REPRESENTATION
Linkage 245-01/(3/l
a بين كلمات
942 ## - ADDED ENTRY ELEMENTS (KOHA)
Source of classification or shelving scheme Dewey Decimal Classification
Koha item type Book
Holdings
Withdrawn Not for loan Current library Shelving location Date acquired Total Checkouts Full call number Barcode Date last seen Koha item type
    Perpustakaan Alor Setar Pinjaman Dewasa 09/04/2026   297.122427 FAT A01907006 09/04/2026 Book
    Perpustakaan Awam Sungai Petani Pinjaman Dewasa 09/04/2026   297.122427 FAT A01907007 09/04/2026 Book
    Perpustakaan Baling Pinjaman Dewasa 09/04/2026   297.122427 FAT A01907011 09/04/2026 Book
    Perpustakaan Bandar Baharu Pinjaman Dewasa 09/04/2026   297.122427 FAT A01907012 09/04/2026 Book
    Perpustakaan Jitra Pinjaman Dewasa 09/04/2026   297.122427 FAT A01907008 09/04/2026 Book
    Perpustakaan Kuala Nerang Pinjaman Dewasa 09/04/2026   297.122427 FAT A01907016 09/04/2026 Book
    Perpustakaan Kulim Pinjaman Dewasa 09/04/2026   297.122427 FAT A01907010 09/04/2026 Book
    Perpustakaan Langkawi Pinjaman Dewasa 09/04/2026   297.122427 FAT A01907009 09/04/2026 Book
    Perpustakaan Merbok Pinjaman Dewasa 09/04/2026   297.122427 FAT A01907013 09/04/2026 Book
    Perpustakaan Pendang Pinjaman Dewasa 09/04/2026   297.122427 FAT A01907017 09/04/2026 Book
    Perpustakaan Sik Pinjaman Dewasa 09/04/2026   297.122427 FAT A01907015 09/04/2026 Book
    Perpustakaan Yan Pinjaman Dewasa 09/04/2026   297.122427 FAT A01907014 09/04/2026 Book
    Bergerak 1, Alor Setar Pinjaman Dewasa 09/04/2026   297.122427 FAT A01907018 09/04/2026 Book
    Bergerak 3, Baling Pinjaman Dewasa 09/04/2026   297.122427 FAT A01907019 09/04/2026 Book
    Bergerak 4, Sungai Petani Pinjaman Dewasa 09/04/2026   297.122427 FAT A01907020 09/04/2026 Book
    Bergerak 5, Kulim Pinjaman Dewasa 09/04/2026   297.122427 FAT A01907021 09/04/2026 Book